The Routledge companion to visual organization (Record no. 12886)

MARC details
000 -LEADER
fixed length control field 01627nam a2200385Ia 4500
001 - CONTROL NUMBER
control field 9780203725610
003 - CONTROL NUMBER IDENTIFIER
control field BD-DhSAU
005 - DATE AND TIME OF LATEST TRANSACTION
control field 20151012151722.0
006 - FIXED-LENGTH DATA ELEMENTS--ADDITIONAL MATERIAL CHARACTERISTICS
fixed length control field m|||||o||d||||||||
007 - PHYSICAL DESCRIPTION FIXED FIELD--GENERAL INFORMATION
fixed length control field cr||||
008 - FIXED-LENGTH DATA ELEMENTS--GENERAL INFORMATION
fixed length control field 130904s2014 nyua ob 001 0 eng d
020 ## - INTERNATIONAL STANDARD BOOK NUMBER
International Standard Book Number 9780203725610 (e-book : PDF)
040 ## - CATALOGING SOURCE
Original cataloging agency BD-DhSAU
Transcribing agency BD-DhSAU
090 ## - LOCALLY ASSIGNED LC-TYPE CALL NUMBER (OCLC); LOCAL CALL NUMBER (OCLC)
Classification number (OCLC) (R) ; Classification number, CALL (RLIN) (NR) HD58.8
Local cutter number (OCLC) ; Book number/undivided call number, CALL (RLIN) .R6936 2014
092 ## - LOCALLY ASSIGNED DEWEY CALL NUMBER (OCLC)
Classification number 658.406
Item number R869
245 04 - TITLE STATEMENT
Title The Routledge companion to visual organization
Medium [electronic resource] /
Statement of responsibility, etc. edited by Emma Bell, Samantha Warren, and Jonathan Schroeder.
246 30 - VARYING FORM OF TITLE
Title proper/short title Companion to visual organization
260 ## - PUBLICATION, DISTRIBUTION, ETC. (IMPRINT)
Place of publication, distribution, etc. New York :
Name of publisher, distributor, etc. Routledge,
Date of publication, distribution, etc. 2014.
300 ## - PHYSICAL DESCRIPTION
Extent xx, 402 p. :
Other physical details ill.
490 1# - SERIES STATEMENT
Series statement Routledge companions in business, management and accounting
504 ## - BIBLIOGRAPHY, ETC. NOTE
Bibliography, etc Includes bibliographical references and index.
505 0# - FORMATTED CONTENTS NOTE
Formatted contents note pt. 1. Thinking visually about organization -- pt. 2. Strategies of visual organization -- pt. 3. Visual methodologies and methods -- pt. 4. Visual identities and practices -- pt. 5. Visual representations of organization.
530 ## - ADDITIONAL PHYSICAL FORM AVAILABLE NOTE
Additional physical form available note Also available in print edition.
538 ## - SYSTEM DETAILS NOTE
System details note Mode of access: World Wide Web.
650 #0 - SUBJECT ADDED ENTRY--TOPICAL TERM
Topical term or geographic name as entry element Organizational change
General subdivision Research.
650 #0 - SUBJECT ADDED ENTRY--TOPICAL TERM
Topical term or geographic name as entry element Social media.
650 #0 - SUBJECT ADDED ENTRY--TOPICAL TERM
Topical term or geographic name as entry element Management
General subdivision Technological innovations.
655 #7 - INDEX TERM--GENRE/FORM
Genre/form data or focus term Electronic books.
Source of term lcsh
700 1# - ADDED ENTRY--PERSONAL NAME
Personal name Bell, Emma,
Dates associated with a name 1968-
700 1# - ADDED ENTRY--PERSONAL NAME
Personal name Warren, Samantha.
700 1# - ADDED ENTRY--PERSONAL NAME
Personal name Schroeder, Jonathan E.,
Dates associated with a name 1962-
776 1# - ADDITIONAL PHYSICAL FORM ENTRY
International Standard Book Number 9780415783675 (hardback)
830 #0 - SERIES ADDED ENTRY--UNIFORM TITLE
Uniform title Routledge companions in business, management and accounting.
856 40 - ELECTRONIC LOCATION AND ACCESS
Uniform Resource Identifier <a href="http://www.tandfebooks.com/isbn/9780203725610">http://www.tandfebooks.com/isbn/9780203725610</a>

No items available.